| 000 | 00787cam a2200217 4500 | ||
|---|---|---|---|
| 001 | WB3707-39 | ||
| 008 | 000000n2001 000 0 eng u | ||
| 035 | _a(Sirsi) u110904 | ||
| 245 | _aFT pre-election audit: transport | ||
| 260 | _c2001 | ||
| 490 |
_aFinancial Times _v 13 February 2001, 4(2) |
||
| 520 | _aExamines Labour's record in various areas. Looks at the success, so far, of Labour's policy for integrated transport against the background of the various crises and debates over LU and air traffic control. | ||
| 590 | _aWB | ||
| 650 | _aLABOUR | ||
| 650 | _aGOVERNMENT POLICY | ||
| 650 | _aTRANSPORT | ||
| 650 | _aPROPERTY-INFRASTRUCTURE-TRANSPORT INFRASTRUCTURE-ROAD INFRASTRUCTURE | ||
| 650 | _aRAILWAYS | ||
| 690 | _aTRANSPORT AND COMMUNICATIONS | ||
| 942 | _n0 | ||
| 999 |
_c66105 _d66105 |
||